000 00570 a2200181 4500
020 _a0766838722
035 _a(OCoLC)ocm50874422
040 _aDLC
_bDLC
100 1 _aTerrell, David L.
245 1 0 _aElectronics for computer technology
_cDavid Terrell.
260 _aClinton Park, NY :
_bThomson/Delmar Learning,
_cc2003.
300 _axvii, 745 p. :
_bill. (some col.) ;
_c29 cm.
_e1 CD-ROM (4 3/4 in.)
500 _aIncludes index.
650 0 _aElectronics.
650 0 _aElectronic circuit design.
650 0 _aDigital electronics.
942 _cBK
_k621.381 TER
_2ddc
999 _c6978
_d6978